Probability and random processes for electrical and computer engineers (Record no. 7971)

MARC details
000 -LEADER
fixed length control field 00750nam a22002297a 4500
003 - CONTROL NUMBER IDENTIFIER
control field OSt
005 - DATE AND TIME OF LATEST TRANSACTION
control field 20220810121756.0
008 - FIXED-LENGTH DATA ELEMENTS--GENERAL INFORMATION
fixed length control field 220810b ||||| |||| 00| 0 eng d
020 ## - INTERNATIONAL STANDARD BOOK NUMBER
International Standard Book Number 9780521864701
040 ## - CATALOGING SOURCE
Transcribing agency ddc
082 ## - DEWEY DECIMAL CLASSIFICATION NUMBER
Classification number 621.3 GOB 2006
100 ## - MAIN ENTRY--PERSONAL NAME
Personal name Gubner, John A
9 (RLIN) 16190
245 ## - TITLE STATEMENT
Title Probability and random processes for electrical and computer engineers
260 ## - PUBLICATION, DISTRIBUTION, ETC. (IMPRINT)
Place of publication, distribution, etc. New York :
Name of publisher, distributor, etc. Cambridge University Press;
Date of publication, distribution, etc. 2006
300 ## - PHYSICAL DESCRIPTION
Extent xii, 628 p. :
Other physical details ill. ;
Dimensions 26 cm.
504 ## - BIBLIOGRAPHY, ETC. NOTE
Bibliography, etc Includes bibliography and index.
650 ## - SUBJECT ADDED ENTRY--TOPICAL TERM
Topical term or geographic name as entry element Probabilities
9 (RLIN) 2821
650 ## - SUBJECT ADDED ENTRY--TOPICAL TERM
Topical term or geographic name as entry element Stochastic processes
9 (RLIN) 15858
650 ## - SUBJECT ADDED ENTRY--TOPICAL TERM
Topical term or geographic name as entry element Electrical engineering -- Mathematics
9 (RLIN) 16191
650 ## - SUBJECT ADDED ENTRY--TOPICAL TERM
Topical term or geographic name as entry element Computer engineering -- Mathematics
9 (RLIN) 16192
942 ## - ADDED ENTRY ELEMENTS (KOHA)
Source of classification or shelving scheme Dewey Decimal Classification
Koha item type Book
Holdings
Withdrawn status Lost status Source of classification or shelving scheme Damaged status Not for loan Home library Current library Date acquired Source of acquisition Inventory number Total Checkouts Full call number Barcode Date last seen Price effective from Koha item type
    Dewey Decimal Classification     MUST Main Library MUST Main Library 10/08/2022 Purchase 22/41901   621.3 GOB 2006 2022-7849 10/08/2022 10/08/2022 Book
    Dewey Decimal Classification     MUST Main Library MUST Main Library 10/08/2022 Purchase 22/41900   621.3 GOB 2006 2022-7850 10/08/2022 10/08/2022 Book
    Dewey Decimal Classification     MUST Main Library MUST Main Library 21/06/2024 Purchase 11/33014   621.3 GOB 2006 2024-21012 21/06/2024 21/06/2024 Open Shelf